000 00434nam a2200181Ia 4500
001 10263
005 20260306161819.0
008 260306t1993||||xx |||||||||||||| ||spa||
041 _aESP
082 _a910.4
_bH96
100 _aHurtado, Manuel Joseph
_eAUT
245 0 _aDerrotero General del Mar del Sur
260 _c1993
300 _axv, 107 páginas :
_ccm.
650 _aGEN
654 _aCHU
942 _cLIB
_dJUS
_fJUS
_2ddc
_n
999 _c10263
_d10263